Journal of Democracy
Guardado en:
| Format: | Ukendt |
|---|---|
| Sprog: | English |
| Udgivet: |
Estados Unidos de América :
National Endowment for Democracy ; The Johns Hopkins University Press
|
| Tags: |
Tilføj Tag
Ingen Tags, Vær først til at tagge denne postø!
|
MARC
| LEADER | 00000 a2200000 04500 | ||
|---|---|---|---|
| 001 | 49268 | ||
| 003 | cru CIDCACS/IIS | ||
| 005 | 20180514130235.0 | ||
| 008 | 050627s2005 -us eng d | ||
| 999 | |c 5624 |d 5624 | ||
| 022 | |a 1045-5736 | ||
| 040 | |c cru CIDCACS/IIS | ||
| 090 | |a 04.02.02 J86j | ||
| 245 | |a Journal of Democracy | ||
| 260 | |a Estados Unidos de América : |b National Endowment for Democracy ; The Johns Hopkins University Press | ||
| 300 | |a 188 páginas : |b tablas, mapas | ||
| 942 | |2 ddc |c LI | ||
